| 000 | 01138aam a2200421 4500 | ||
|---|---|---|---|
| 005 | 20240308181354.0 | ||
| 008 | 150818b xxu||||| |||| 00| 0 spa d | ||
| 020 | _a9788473568913 | ||
| 041 | _aESP | ||
| 082 | _a658.8 T137f | ||
| 100 | _aEsteban Talaya, Águeda | ||
| 100 |
_aMondéjar Jiménez, Juan Antonio _97015 |
||
| 245 | _aFundamentos de marketing | ||
| 260 | _aEspaña | ||
| 260 | _bESIC | ||
| 260 | _c2013 | ||
| 300 | _a210 páginas | ||
| 650 | _aMERCADOTECNIA | ||
| 650 | _aMARKETING | ||
| 650 | _aGESTIÓN DE RELACIONES | ||
| 650 | _aDIRECCIÓN DE MARKETING | ||
| 650 | _aMERCADEO | ||
| 650 | _aCOMPORTAMIENTO DE COMPRA | ||
| 650 | _aCONSUMIDOR | ||
| 650 | _aCOMPORTAMIENTO DEL CONSUMIDOR | ||
| 650 | _aCOMPRADOR ORGANIZACIONAL | ||
| 650 | _aINVESTIGACIÓN COMERCIAL | ||
| 650 | _aANÁLISIS DE LA COMPETENCIA | ||
| 650 | _aSEGMENTACIÓN DE MERCADOS | ||
| 650 | _aPOSICIONAMIENTO | ||
| 650 | _aENTORNO DE MARKETING | ||
| 650 | _aGESTIÓN DE LA INFORMACIÓN DE MARKETING | ||
| 650 | _aEVALUACIÓN DE LA COMPETENCIA | ||
| 942 |
_cBK _2ddc |
||
| 999 |
_c571 _d571 |
||